Top 100 Subscribed YouTubers - Statistics

General Stats
  • This quiz has been taken 28 times
  • The average score is 11 of 100
Answer Stats
Rank Channel Name % Correct
4 PewDiePie
83%
20 T-Series
50%
15 TaylorSwiftVEVO
38%
8 JustinBieberVEVO
33%
13 KatyPerryVEVO
33%
34 KSI
29%
29 Markiplier
29%
50 Maroon5VEVO
29%
14 Smosh
29%
40 DanTDM
25%
16 EminemVEVO
25%
7 HolaSoyGerman
25%
47 Vevo
25%
32 ArianaGrandeVEVO
21%
64 beyonceVEVO
21%
31 JennaMarbles
21%
25 nigahiga
21%
56 SelenaGomezVEVO
21%
41 shakiraVEVO
21%
22 Dude Perfect
17%
35 jacksepticeye
17%
98 Liza Koshy
17%
18 OneDirectionVEVO
17%
9 Popular on YouTube
17%
11 RihannaVEVO
17%
55 SET india
17%
73 Superwoman
17%
33 WWE
17%
42 AdeleVEVO
13%
36 Bruno Mars
13%
38 Canal Kondzilla
13%
26 Ed Sheeran
13%
65 Felipe NEto
13%
17 Fernanfloo
13%
23 JuegaGerman
13%
62 NickiMinajAtVEVO
13%
44 Trap Nation
13%
19 whinderssonnunes
13%
5 YouTube Movies
13%
1 YouTube Music
13%
75 Zoella
13%
89 ChrisBrownVEVO
8%
48 David Guetta
8%
60 FailArmy
8%
39 FBE
8%
69 Get Movies
8%
71 PopularMMOs
8%
72 Sky Does Minecraft
8%
30 Spinnin' Records
8%
21 VanossGaming
8%
28 VEGETTA777
8%
78 Wiz Khalifa
8%
2 YouTube Gaming
8%
6 YouTube News
8%
3 YouTube Sports
8%
59 BuzzFeedVideo
4%
54 CanalCanalha
4%
86 Cyprien
4%
12 elrubiusOMG
4%
45 enchufetv
4%
63 Good Mythical Morning
4%
77 NoCopyrightSounds
4%
52 PTXofficial
4%
68 Rclbeauty101
4%
70 rezendeevil
4%
93 RomanAtwood
4%
58 RomanAtwoodVlogs
4%
37 Skrillex
4%
24 TheEllenShow
4%
82 The Late Late Show with James Corden
4%
49 The Tonight Show Starring Jimmy Fallon
4%
90 W2S
4%
43 WatchMojo.com
4%
10 YouTube Spotlight
4%
27 Yuya
4%
92 Маша и Медведь
0%
88 5incominutos
0%
100 AuthenticGames
0%
91 AviciiOfficialVEVO
0%
97 Bethany Mota
0%
80 CalvinHarrisVEVO
0%
95 ChuChu TV Nursery Rhymes & Kids Songs
0%
76 CollegeHumor
0%
84 DrossRotzank
0%
74 EeOneGuy
0%
81 EnriquelglesiasVEVO
0%
46 ERB
0%
94 Hip Hop Music - Topic
0%
99 Jesse
0%
79 LittleBabyBun
0%
61 Machnima
0%
85 Movieclips Trailers
0%
96 officialpsy
0%
57 Pop Music - Topic
0%
53 Porta dos Fundos
0%
87 SMTOWN
0%
67 TheWillyrex
0%
83 TV Shows
0%
66 Vsauce
0%
51 Werevertumorro
0%
No matching quizzes found
Score Distribution
Percent of People with Each Score
Percentile by Number Answered
Your Score History
You have not taken this quiz